Countries of the World - Tile Select #5 - Statistics

General Stats
  • This quiz has been taken 171 times
    160 since last reset
  • The average score is 61 of 80
Answer Stats
Question Tile Select % Correct
Countries that have stars on their flags USA Yes
100%
Countries that have stars on their flags New Zealand Yes
99%
Countries that have stars on their flags Australia Yes
98%
Countries that have stars on their flags Bangladesh No
96%
Countries that have stars on their flags Canada No
96%
Countries that have stars on their flags Lebanon No
96%
Countries that have stars on their flags Albania No
95%
Countries that have stars on their flags Georgia No
94%
Countries that use the Euro France Yes
93%
Countries that use the Euro Italy Yes
93%
Countries that have stars on their flags South Korea No
92%
Countries that use the Euro Germany Yes
91%
Countries that use the Euro Netherlands Yes
91%
Countries that have stars on their flags China Yes
89%
Countries that use the Euro Spain Yes
89%
Countries that use the Euro Austria Yes
88%
Countries that border the Baltic Sea France No
88%
Countries that use the Euro United Kingdom No
88%
Countries with capitals the start with K North Macedonia No
87%
Countries that border the Baltic Sea Iceland No
86%
Countries that border the Baltic Sea Belgium No
85%
Countries with capitals the start with K Cambodia No
85%
Countries that use the Euro Greece Yes
85%
Countries with capitals the start with K Laos No
85%
Countries that border the DRC Sudan No
85%
Countries with capitals the start with K Sweden No
85%
Countries that border the Baltic Sea United Kingdom No
85%
Countries with capitals the start with K Belarus No
84%
Countries that border the DRC Republic of the Congo Yes
84%
Countries with capitals the start with K Guinea No
83%
Countries that border the DRC Central African Republic Yes
80%
Countries that border the Baltic Sea Estonia Yes
80%
Countries that border the Baltic Sea Finland Yes
80%
Countries that border the Baltic Sea Latvia Yes
79%
Countries that border the Baltic Sea Netherlands No
79%
Countries that have stars on their flags Turkey Yes
79%
Countries with capitals the start with K Ukraine Yes
79%
Countries that border the DRC Equatorial Guinea No
78%
Countries that have stars on their flags Morocco Yes
77%
Countries that border the Baltic Sea Belarus No
76%
Countries with capitals the start with K Jamaica Yes
76%
Countries that border the Baltic Sea Russia Yes
76%
Countries that use the Euro Switzerland No
76%
Countries that have stars on their flags Israel Yes
75%
Countries that border the Baltic Sea Lithuania Yes
75%
Countries with capitals the start with K Afghanistan Yes
73%
Countries that border the DRC Chad No
73%
Countries that border the DRC Malawi No
73%
Countries that use the Euro Iceland No
72%
Countries with capitals the start with K Kuwait Yes
72%
Countries with capitals the start with K Nepal Yes
72%
Countries that border the Baltic Sea Sweden Yes
71%
Countries that have stars on their flags Tunisia Yes
71%
Countries that border the Baltic Sea Denmark Yes
69%
Countries with capitals the start with K Malaysia Yes
69%
Countries that border the Baltic Sea Poland Yes
69%
Countries that border the DRC Kenya No
68%
Countries that have stars on their flags Liberia Yes
68%
Countries that use the Euro Sweden No
68%
Countries that have stars on their flags Chile Yes
66%
Countries that border the DRC Angola Yes
65%
Countries that border the DRC Uganda Yes
65%
Countries that border the DRC Rwanda Yes
63%
Countries that border the DRC Cameroon No
62%
Countries with capitals the start with K Democratic Republic of the Congo Yes
62%
Countries that border the DRC Burundi Yes
61%
Countries that border the Baltic Sea Norway No
61%
Countries with capitals the start with K Sudan Yes
61%
Countries that border the Baltic Sea Germany Yes
59%
Countries that border the DRC South Sudan Yes
58%
Countries with capitals the start with K Uganda Yes
58%
Countries that border the DRC Zambia Yes
58%
Countries that border the DRC Gabon No
57%
Countries that use the Euro Hungary No
57%
Countries that use the Euro Slovakia Yes
55%
Countries that border the DRC Tanzania Yes
53%
Countries that use the Euro Lithuania Yes
52%
Countries that use the Euro Poland No
50%
Countries with capitals the start with K Rwanda Yes
50%
Countries that use the Euro Denmark No
47%
No matching quizzes found
Score Distribution
Percent of People with Each Score
Percentile by Number Answered
Your Score History
You have not taken this quiz since the last reset